| 000 | 00516nam a22001337a 4500 | ||
|---|---|---|---|
| 040 | _cRUA | ||
| 082 | _aAGR PIT 2006 BO33 Or.1 | ||
| 100 | _aPITH, LINA | ||
| 245 | _aPotential of cashew nut in patanakiri provinve,(សក្តានុពលដំណាំស្វាយចន្ទី នៅខេត្តរតនគិរី). | ||
| 260 |
_aphnom phen _bRUA _c2006 |
||
| 300 |
_aVIII,50p. _bill. _c29cm. |
||
| 856 | _uhttps://drive.google.com/file/d/1TWQ9nM_greUtIG3cDKUHuKP_nURkWgba/view?usp=sharing | ||
| 942 | _cAGI | ||
| 999 |
_c770 _d770 |
||